[Event "FRG-ch International"]
[Site "Dortmund"]
[Date "1973.??.??"]
[Round "11"]
[White "Hecht, Hans Joachim"]
[Black "Gerusel, Mathias"]
[Result "1-0"]
[WhiteElo "2485"]
[BlackElo "2415"]

1.Nf3 f5 2.e4 fxe4 3.Ng5 Nf6 4.d3 e3 5.Bxe3 b6 6.Nc3 e6 7.d4 Bb7 8.Bd3 g6
9.h4 Qe7 10.h5 Rg8 11.hxg6 hxg6 12.Nce4 Nc6 13.c3 O-O-O 14.Nxf6 Qxf6 15.Qg4 Kb8
16.O-O-O e5 17.Nf3 Qg7 18.dxe5 Nxe5 19.Nxe5 Qxe5 20.Rh7 Bd6 21.g3 Rdf8 22.Qxd7 Bf3
23.Rd2 g5 24.Qb5 Qf6 25.Bc4 Rg6 26.Rf7 Qh8 27.Rxf3 Rxf3 28.Bd5 Rf5 29.Qc6 Rxd5
30.Qxd5 g4 31.a4 Qe8 32.Rd4 Qc8 33.Re4 Rf6 34.Qh5 Rf8 35.Qxg4 Qa6 36.Qd1 Rh8
37.Bf4 Qb7 38.Qe2 Rh1+ 39.Kc2 Qd5 40.Bxd6 Qa2 41.Re8+ Kb7 42.Qe4+ Ka6  1-0

[Event "FRG-ch International"]
[Site "Dortmund"]
[Date "1973.??.??"]
[Round "12"]
[White "Ciocaltea, Victor"]
[Black "Hecht, Hans Joachim"]
[Result "1/2-1/2"]
[WhiteElo "2470"]
[BlackElo "2485"]

1.e4 Nf6 2.e5 Nd5 3.d4 d6 4.Nf3 Nb6 5.h3 g6 6.a4 a5 7.Bb5+ c6 8.Be2 Bg7 9.O-O O-O
10.Bf4 Nd5 11.Bg3 dxe5 12.Bxe5 Bh6 13.Nc3 Nf4 14.Bc4 Nd7 15.Bxf4 Bxf4 16.Re1 Nb6
17.Bb3 Nd5 18.Nxd5 cxd5 19.Ne5 e6 20.Qf3 Bh6 21.Rad1 Bd7 22.c4 dxc4 23.Bxc4 Bxa4
24.b3 Bc6 25.Nxc6 bxc6  1/2-1/2

[Event "FRG-ch International"]
[Site "Dortmund"]
[Date "1973.??.??"]
[Round "12"]
[White "Marovic, Drazen"]
[Black "Popov, Luben"]
[Result "1/2-1/2"]
[WhiteElo "2465"]
[BlackElo "2450"]

1.d4 Nf6 2.c4 c5 3.d5 e5 4.Nc3 d6 5.e4 Be7 6.Be2 O-O 7.Nf3 Ne8 8.O-O a6 9.a4 b6
10.Ne1 Bg5 11.Nd3 Bxc1 12.Qxc1 Nd7 13.Bg4 Qe7 14.Bxd7 Bxd7 15.f4 f6 16.Rb1 Nc7
17.b4 a5 18.bxa5 bxa5 19.fxe5 fxe5  1/2-1/2

[Event "FRG-ch International"]
[Site "Dortmund"]
[Date "1973.??.??"]
[Round "12"]
[White "Parma, Bruno"]
[Black "Paoli, Enrico"]
[Result "1/2-1/2"]
[WhiteElo "2510"]
[BlackElo "2300"]

1.e4 e5 2.Nf3 Nf6 3.d4 Nxe4 4.Bd3 d5 5.Nxe5 Bd6 6.O-O O-O 7.Nd2 Bf5 8.Qf3 Nxd2
9.Bxd2 Bxd3 10.Qxd3 Nd7 11.Rae1 c6 12.Bf4 Bxe5 13.dxe5 Nc5 14.Qg3 Ne6 15.Bc1 Qd7
16.Qg4  1/2-1/2

[Event "FRG-ch International"]
[Site "Dortmund"]
[Date "1973.??.??"]
[Round "12"]
[White "Westerinen, Heikki MJ"]
[Black "Keene, Raymond D"]
[Result "0-1"]
[WhiteElo "2450"]
[BlackElo "2435"]

1.Nf3 g6 2.g3 Bg7 3.Bg2 c5 4.O-O Nc6 5.Nc3 e6 6.a3 Nge7 7.b4 b6 8.Bb2 O-O
9.Qb1 d5 10.Na4 d4 11.e3 Ba6 12.exd4 Bxf1 13.Qxf1 cxd4 14.Re1 Qd6 15.c4 Rab8
16.b5 Na5 17.d3 Rbc8 18.Re4 e5 19.Qe1 f5 20.Re2 e4 21.Nd2 Rf7 22.Bc1 h6 23.Kh1 Kh7
24.Nb2 Qxa3 25.Qd1 Ng8 26.Qc2 Qc3 27.Qb1 exd3 28.Re1 Nb3 29.Bd5 Rff8 30.Rd1 Nxc1
31.Qxc1 Rfe8 32.Nf3 Nf6 33.Bc6 Qxc1 34.Rxc1 d2 35.Rd1 Re2 36.Nd3 Ne4 37.Kg2 Nc3
38.Kf1 Nxd1 39.Kxe2 Nc3+ 40.Kxd2 Ne4+ 41.Ke2 a5 42.Nb2 Nc5 43.Ne1 a4 44.Nc2 Rc7
45.Nd3 Bf8 46.Ndb4 d3+ 47.Nxd3 Nxd3 48.Kxd3 a3  0-1

[Event "FRG-ch International"]
[Site "Dortmund"]
[Date "1973.??.??"]
[Round "13"]
[White "Popov, Luben"]
[Black "Parma, Bruno"]
[Result "1/2-1/2"]
[WhiteElo "2450"]
[BlackElo "2510"]

1.d4 Nf6 2.c4 e6 3.Nf3 b6 4.g3 Bb7 5.Bg2 Be7 6.O-O O-O 7.Nc3 Ne4 8.Nxe4 Bxe4
9.Ne1 Bxg2 10.Nxg2 d5 11.cxd5 Qxd5 12.Nf4 Qd7 13.Be3 Nc6 14.Qa4 Rfd8 15.Rfd1 Nb4
16.Qb3 a5 17.a3 a4 18.Qc3 Nd5 19.Nxd5 exd5 20.Rac1 Bd6  1/2-1/2

[Event "FRG-ch International"]
[Site "Dortmund"]
[Date "1973.??.??"]
[Round "13"]
[White "Hecht, Hans Joachim"]
[Black "Westerinen, Heikki MJ"]
[Result "1/2-1/2"]
[WhiteElo "2485"]
[BlackElo "2450"]

1.Nf3 g6 2.e4 Bg7 3.d4 d6 4.Bc4 Nf6 5.Qe2 O-O 6.O-O c6 7.Bb3 Qc7 8.Nbd2 b5
9.a4 b4 10.e5 Nd5 11.Re1 Bf5 12.Nc4 Nd7 13.a5 Bg4 14.exd6 exd6 15.Ne3 Nxe3
16.Bxe3 c5 17.h3 cxd4 18.Bd2 Bxf3 19.Qxf3 Ne5 20.Qd5 Qc5 21.f4 Nc6 22.Kh2 Rac8
23.a6 d3 24.Qxd3 Bxb2 25.Rad1 Bd4 26.Be3 Bxe3 27.Rxe3 Na5 28.Re7 Nxb3 29.cxb3 Rc7
30.Rxc7 Qxc7 31.Qxd6 Qxd6 32.Rxd6 Rc8  1/2-1/2

[Event "FRG-ch International"]
[Site "Dortmund"]
[Date "1973.??.??"]
[Round "14"]
[White "Gerusel, Mathias"]
[Black "Dueball, Juergen"]
[Result "1/2-1/2"]
[WhiteElo "2415"]
[BlackElo "2425"]

1.d4 Nf6 2.c4 c5 3.d5 e6 4.Nc3 exd5 5.cxd5 d6 6.Nf3 g6 7.Nd2 Bg7 8.e4 O-O
9.Be2 Re8 10.O-O Na6 11.f3 Nc7 12.Kh1 Rb8 13.a4 b6 14.Nc4 Ba6 15.Bg5 h6 16.Bh4 Qd7
17.Qd2 Bxc4 18.Bxc4 a6 19.Bd3 b5 20.axb5 axb5 21.Ra7 g5 22.Bf2 Nh5 23.Rfa1 Qc8
24.Bf1 Nf4 25.Nd1 Rb6 26.R7a5 f5 27.g3 Ng6 28.Bh3 g4 29.fxg4 fxg4 30.Bg2 Ne5
31.Ne3 Nc4 32.Nxc4 bxc4 33.R1a2 Qb8 34.R5a4 Rxb2 35.Rxb2 Qxb2 36.Qxb2 Bxb2
37.Rxc4 Nb5 38.e5 Bd4 39.Bxd4 Nxd4 40.e6 Rb8 41.Rc1 Rb2 42.Rf1 Re2 43.Rf4 Re1+
44.Bf1  1/2-1/2

[Event "FRG-ch International"]
[Site "Dortmund"]
[Date "1973.??.??"]
[Round "14"]
[White "Marovic, Drazen"]
[Black "Hecht, Hans Joachim"]
[Result "1/2-1/2"]
[WhiteElo "2465"]
[BlackElo "2485"]

1.Nf3 Nf6 2.c4 e6 3.Nc3 Bb4 4.Qc2 O-O 5.a3 Bxc3 6.Qxc3 d6 7.g3 e5 8.Bg2 a5
9.b3 Nc6 10.O-O Ne4 11.Qc2 Nc5 12.Bb2 Bg4 13.h3 Bxf3 14.Bxf3 a4 15.b4 Nb3
16.Rae1 Ncd4 17.Bxd4 Nxd4 18.Qc3 Nxf3+ 19.Qxf3 c6 20.e4 Qd7 21.g4 Rfe8 22.Re3 Re6
23.Rd1 Rg6 24.d4 Qe6 25.d5 Qc8 26.dxc6 Qxc6 27.Qe2 h5 28.Rd5 Rc8 29.Rc3 hxg4
30.hxg4 Qd7 31.f3 Qe7 32.Kg2 Rh6 33.Qf2 Qg5 34.Qg3 Re8 35.Rd1 Ree6 36.Rcd3 b6
37.Qf2 Qf4 38.Qg3 Qg5 39.Qf2 Qf4  1/2-1/2

[Event "FRG-ch International"]
[Site "Dortmund"]
[Date "1973.??.??"]
[Round "14"]
[White "Spassky, Boris V"]
[Black "Paoli, Enrico"]
[Result "1/2-1/2"]
[WhiteElo "2660"]
[BlackElo "2300"]

1.d4 d5 2.c4 c6 3.Nf3 Nf6 4.Nc3 e6 5.Bg5 h6 6.Bxf6 Qxf6 7.Qb3 dxc4 8.Qxc4 Nd7
9.e3 g6 10.h4 Bg7 11.O-O-O O-O 12.h5 g5 13.Bd3 Qe7 14.Bc2 e5 15.Kb1 exd4
16.exd4 Nf6 17.Ne5 Be6 18.Qd3 Rfd8 19.Ne4 Nxe4 20.Qxe4 f5 21.Qf3 Bxe5 22.dxe5 Rxd1+
23.Rxd1 Rd8 24.Rxd8+ Qxd8 25.Bb3 Bxb3 26.axb3 Qa5 27.Qe3 Kf7 28.g3 Ke6 29.f4 g4
30.Qd4 Qe1+ 31.Kc2 Qe2+ 32.Kc3 Qe1+ 33.Kc2 Qe2+ 34.Qd2 Qxd2+ 35.Kxd2 a5 36.Kc3 Kd5
37.b4 axb4+ 38.Kxb4 b6 39.b3 Ke6 40.Kc4 Kd7 41.b4 Ke6  1/2-1/2